Spirituality in Interfaith Dialogue. (Record no. 8587)

MARC details
000 -LEADER
fixed length control field 00558nam a2200229 a 4500
020 ## - INTERNATIONAL STANDARD BOOK NUMBER
ISBN 2825432
082 00 - DEWEY DECIMAL CLASSIFICATION NUMBER
Classification number 297.172
Author Cutter ARA
100 ## - MAIN ENTRY--AUTHOR NAME
Author name Arai, Tosh
245 ## - TITLE STATEMENT
Title Spirituality in Interfaith Dialogue.
260 ## - PUBLICATION, DISTRIBUTION, ETC. (IMPRINT)
Place of publication Geneva
Name of publisher WCC
Year of publication 1989
300 ## - PHYSICAL DESCRIPTION
Number of Pages 103p
500 ## - GENERAL NOTE
General note includes index and biblioraphy
505 2# - FORMATTED CONTENTS NOTE
Formatted contents note Bibliography
650 ## - SUBJECT ADDED ENTRY--TOPICAL TERM
Topical Term Interfaith Dialogue
942 ## - ADDED ENTRY ELEMENTS (KOHA)
Koha item type Books
Holdings
Collection code Home library Current library Date acquired Cost, normal purchase price Full call number Accession Number Koha item type
  Henry Martyn Institute Library Henry Martyn Institute Library 08/10/2011 138.00 297.172 ARA 013947 Books
                   Copyright © 2026 | Henry Martyn Institute | Hyderabad | TS-500052 | INDIA | Implemented by hmi.edu.in
Hit-Count:

Powered by Koha